000 00827nam a22002297a 4500
003 UA-OsUOA
005 20251217094345.0
008 191210b un ||||| |||| 00| 0 ukr d
040 _aUA-OsUOA
_bukr
_cUA-OsUOA
_dUA-OsUOA
041 _aukr
080 _a821.161.1
090 _a821.161.1
_bГ47
100 _aГерцен А. И.
_922979
245 _aСобрание сочинений в восьми томах
_cА. И. Герцен
260 _aМосква
_bПравда
_c1975
300 _a383 с.
505 _gТ. 5
650 _a821 Художня література окремими мовами і мовними сім'ями
_917
942 _2udc
_cBK
955 _a3
999 _c443242
_d443242